Statistics for Top 10 Most Musical Countries

Click here to take the quiz!

General Stats

  • This quiz has been taken 87 times
  • The average score is 9 of 10

Answer Stats

2016 projection Country % Correct
$15.1 billionUnited States
100%
$4.3 billionUnited Kingdom
100%
$4.5 billionGermany
98%
$917 millionChina
95%
$1.8 billionFrance
93%
$4.3 billionJapan
91%
$1.2 billionCanada
91%
$1.2 billionAustralia
89%
$1.1 billionRussia
81%
$1 billionNetherlands
59%

Score Distribution

Percentile by Number Answered

Percent of People with Each Score

Your Score History

You have not taken this quiz